Statistics for Bandwagon Quiz - San Diego Padres

Click here to take the quiz!

General Stats

  • This quiz has been taken 15 times
  • The average score is 10 of 20

Answer Stats

HintAnswer% Correct
What ballpark do the Padres play in?Petco Park
90%
Despite the above, the Padres have how many NL pennants?2
70%
In August of 2020, the Padres hit what in four straight games?Grand Slam
70%
What right fielder leads the Padres in all-time hits?Tony Gwynn
70%
What Padre won a Platinum Glove award in 2023?Fernando Tatis
60%
The Padres' mascot is known as the "Swingin'" what?Friar
60%
Who was the first and only Padre to throw a no-hitter, doing it in 2021?Joe Musgrove
60%
The Padres have what nickname for their ability to hit home runs?Slam Diego
60%
In what year did the Padres make their most recent World Series appearance?1998
50%
Who won a Cy Young award as a Padre in 2023?Blake Snell
50%
What building sticks into the ballpark in left field?Western Metal Supply
50%
The Padres were the first and only team to wear what pattern to honor the military?Camouflage
40%
What is the name of the Padres' Triple-A affiliate?El Paso Chihuahuas
40%
What pitcher leads the Padres in all-time strikeouts?Jake Peavy
40%
Who is the current manager of the Padres?Mike Schildt
40%
The Padres are one of five teams to have never done what?Win the World Series
40%
Who owned the Padres from 2012 until his death in 2023?Peter Seidler
30%
What famous San Diego mascot is often mistaken for the Padres mascot?Chicken
20%
Who is the only Padre to win the MVP award?Ken Caminiti
10%
What first baseman leads the Padres in all-time home runs?Nate Colbert
10%

Score Distribution

Percentile by Number Answered

Percent of People with Each Score

Your Score History

You have not taken this quiz